Discursos pronunciados en el Senado y Congreso de los Diputados durante la legislatura de 1884 á 1885 / (Record no. 165374)

MARC details
000 -LEADER
campo de control de longitud fija 00774nam a2200181 i 4500
001 - NÚMERO DE CONTROL
campo de control 165374
003 - IDENTIFICADOR DE NÚMERO DE CONTROL
campo de control ES-MaACL
005 - FECHA Y HORA DE LA ÚLTIMA TRANSACCIÓN
campo de control 20231229063052.0
008 - DATOS DE LONGITUD FIJA--INFORMACIÓN GENERAL
campo de control de longitud fija 981028s1886 sp |||| | spa d
040 ## - FUENTE DE CATALOGACIÓN
Centro catalogador/agencia de origen CCPB | B
Lengua de catalogación spa
Centro/agencia transcriptor CCPB | B
100 1# - ENTRADA PRINCIPAL--NOMBRE DE PERSONA
Nombre de persona Silvela, Francisco,
Fechas asociadas al nombre 1845-1905
9 (RLIN) 106425
245 10 - MENCIÓN DEL TÍTULO
Título Discursos pronunciados en el Senado y Congreso de los Diputados durante la legislatura de 1884 á 1885 /
Mención de responsabilidad, etc. por el excmo. señor D. Francisco Silvela ... ; publícanlos varios diputados.
260 ## - PUBLICACIÓN, DISTRIBUCIÓN, ETC.
Lugar de publicación, distribución, etc. Madrid :
Nombre del editor, distribuidor, etc. [s.n.],
Fecha de publicación, distribución, etc. 1886 (
Fabricante Imp. y Fundición de M. Tello)
300 ## - DESCRIPCIÓN FÍSICA
Extensión 640 p. ;
Dimensiones 18 cm.
651 #4 - PUNTO DE ACCESO ADICIONAL DE MATERIA--NOMBRE GEOGRÁFICO
Nombre geográfico España-
Subdivisión general Política y gobierno-
Subdivisión cronológica 1885-1902.
9 (RLIN) 164011
852 ## - LOCALIZACIÓN
Ubicación ES-MaACL
Número de control de estantería F-9823
Nota libre -- Enc. hol. conservando la cub. original
Holdings
Estatus retirado Estado de pérdida Estado de daño No para préstamo Colección Biblioteca de origen Biblioteca actual Ubicación en estantería Fecha de adquisición Fuente de adquisición Total de préstamos Signatura topográfica completa Código de barras Visto por última vez Precio de reemplazo Tipo de ítem Koha
        Libros del s. XIX Biblioteca del Ateneo de Madrid Biblioteca del Ateneo de Madrid Sala Pecera Planta 2 17/01/2008     F-9823 1173411 23/02/2023 23/02/2023 Libro impreso antiguo